[Event "Panama op 4th"]
[Site "Panama City"]
[Date "2023.11.10"]
[Round "8"]
[White "Sanchez Bermudez, Rogelio Oscar"]
[Black "Carrillo, Jose Antonio"]
[Result "1-0"]
[WhiteElo "1762"]
[BlackElo "1772"]
[PlyCount "119"]
[EventDate "2023.11.06"]
[EventType "swiss"]
[EventRounds "9"]
[EventCountry "PAN"]
[SourceTitle "CB46_2023"]
[SourceDate "2023.11.15"]
[SourceVersion "1"]
[SourceVersionDate "2023.11.15"]
[SourceQuality "1"]

1. e4 c5 2. Nf3 d6 3. d4 cxd4 4. c3 dxc3 5. Nxc3 Nc6 6. Bc4 e6 7. 0-0 Be7 8. Qe2 e5 9. Be3 Bg4 10. h3 Bxf3 11. Qxf3 Nf6 12. Rfd1 0-0 13. Rac1 Rc8 14. Nd5 Nxd5 15. Bxd5 Bg5 16. Rc3 Bxe3 17. fxe3 Qd7 18. Rdc1 Ne7 19. Rxc8 Nxc8 20. Rf1 b5 21. Qe2 Nb6 22. Bb3 Qc6 23. Qd3 Nc4 24. Rc1 Qb6 25. Bxc4 bxc4 26. Rxc4 Qxb2 27. Ra4 Qc1+ 28. Kh2 Qc7 29. Ra6 Rd8 30. Qd5 h6 31. Rc6 Qd7 32. a4 Qe7 33. a5 Rd7 34. a6 h5 35. Rc8+ Kh7 36. Qd1 g6 37. Qd5 h4 38. Qa8 Qf6 39. Re8 Rc7 40. Rf8 Qf2 41. Rh8+ Kg7 42. Qf8+ Kf6 43. Qxd6+ Kg7 44. Qf8+ Kf6 45. Qd6+ Kg7 46. Qxe5+ f6 47. Rh7+ Kxh7 48. Qxc7+ Kg8 49. Qf4 Qb2 50. Qxh4 Qb6 51. Qh6 Qd6+ 52. Kg1 Qxa6 53. Qxg6+ Kf8 54. h4 Qa1+ 55. Kf2 Qb2+ 56. Kf3 a5 57. Qh6+ Ke7 58. Qh7+ Kf8 59. Qh8+ Kf7 60. Qh5+ 1-0

[Event "Panama op 4th"]
[Site "Panama City"]
[Date "2023.11.08"]
[Round "5"]
[White "Schnell, Sebastian Narayana"]
[Black "Sanchez Bermudez, Rogelio Oscar"]
[Result "0-1"]
[WhiteElo "1891"]
[BlackElo "1762"]
[PlyCount "88"]
[EventDate "2023.11.06"]
[EventType "swiss"]
[EventRounds "9"]
[EventCountry "PAN"]
[SourceTitle "CB46_2023"]
[SourceDate "2023.11.15"]
[SourceVersion "1"]
[SourceVersionDate "2023.11.15"]
[SourceQuality "1"]

1. Nf3 f5 2. d3 Nf6 3. Nc3 d6 4. e4 e5 5. exf5 Bxf5 6. g3 Be7 7. Bg2 c6 8. 0-0 0-0 9. h3 Nfd7 10. Nh2 d5 11. Nxd5 cxd5 12. Bxd5+ Kh8 13. Bxb7 Nb6 14. Bxa8 Nxa8 15. g4 Be6 16. Nf3 Nc6 17. Nd2 Nb6 18. Ne4 Nd4 19. f3 Bd5 20. Be3 Ba8 21. c3 Ne6 22. Qd2 Nd5 23. Kh2 Nxe3 24. Qxe3 Bg5 25. Qe2 Bf4+ 26. Kg2 h5 27. Rad1 Bg5 28. Kh2 Kg8 29. d4 Bf4+ 30. Kg2 Bg5 31. Kh1 Nf4 32. Qh2 Qe7 33. Rde1 Bh4 34. Ng3 Nd3 35. Re3 Bxg3 36. Qxg3 e4 37. f4 Nxb2 38. Kh2 h4 39. Qf2 Nc4 40. Re2 e3 41. g5 Qe4 42. Qxh4 Nd2 43. g6 Qxg6 44. Qg3 Nxf1+ 0-1

[Event "Panama op 4th"]
[Site "Panama City"]
[Date "2023.11.07"]
[Round "3"]
[White "Esquivel Golcher, Luis Enrique"]
[Black "Sanchez Bermudez, Rogelio Oscar"]
[Result "1-0"]
[WhiteElo "2108"]
[BlackElo "1762"]
[PlyCount "59"]
[EventDate "2023.11.06"]
[EventType "swiss"]
[EventRounds "9"]
[EventCountry "PAN"]
[SourceTitle "CB46_2023"]
[SourceDate "2023.11.15"]
[SourceVersion "1"]
[SourceVersionDate "2023.11.15"]
[SourceQuality "1"]

1. e4 c5 2. Nf3 Nc6 3. d4 cxd4 4. Nxd4 e5 5. Nb5 a6 6. Nd6+ Bxd6 7. Qxd6 Qf6 8. Qa3 Qg6 9. Be3 Nge7 10. Nc3 d5 11. exd5 Nd4 12. Bd3 Bf5 13. Bxd4 Bxd3 14. Bc5 Nxd5 15. Nxd5 Qe4+ 16. Ne3 0-0-0 17. Bb6 Bb5 18. Bxd8 Rxd8 19. Rd1 Rd4 20. Qf8+ Kc7 21. Qxf7+ Kb8 22. Rxd4 exd4 23. Qf5 Qh4 24. g3 Qd8 25. Qe5+ Ka8 26. Nd5 Qa5+ 27. b4 Qxa2 28. Nc7+ Ka7 29. Nxb5+ axb5 30. Qxd4+ 1-0